Sports Quiz

Random Sports or Basketball Quiz

Pro Athletes by Secondary Career Quiz Stats

 Plays Quiz Updated Apr 6, 2016

Challenge
Share
Tweet
Embed
Score 0/20 Timer 10:00
6 Plays Today
% Correct
George Foreman
87.4%
Michael Jordan
87.2%
Shaquille O’Neal
85.4%
Cal Ripken, Jr.
84%
Arnold Schwarzenegger
79.7%
Magic Johnson
78.8%
John Elway
77.7%
Roger Penske
66.8%
David Eckstein
57%
Mo Vaughn
56.8%
% Correct
Ron Jaworski
54.5%
Dan Marino
54.3%
John Stallworth
51.8%
Roger Staubach
51.6%
Heath Shuler
51%
Terry Bradshaw
46.3%
Franco Harris
46.3%
Dhani Jones
45.4%
Jonathan Bender
43%
Dan Goldie
41.4%

You're not logged in!

Compare scores with friends on all Sporcle quizzes.
OR
Log In

You Might Also Like...

Show Comments

Extras

Top Quizzes Today


Score Distribution

Your Account Isn't Verified!

In order to create a playlist on Sporcle, you need to verify the email address you used during registration. Go to your Sporcle Settings to finish the process.

Report this User

Report this user for behavior that violates our Community Guidelines.

Details: